Zbierka úloh z kvantovej mechaniky

Bibliographic Details
Main Author: Ilkovič, Vladimír, 1941- (Author)
Format: Book
Language:Slovak
PhysicalDescription:209 s. 29 cm
Published: Bratislava Slovenské pedagogické nakladateľstvo 1979
Edition:1. vyd.
Series:Vysokoškolské učebné texty
Subjects:

MARC

LEADER 00000cam a2200000 a 4500
001 vtls001114079
003 SK-MaSNL
005 20260302073254.0
008 250313s1979 xo p 000 0 slo
015 |a SNBA1979 
035 |a SNK000056922 
035 |a urn:nbn:sk:snk-amkpyj 
035 |a urn:nbn:sk:snk-am005dnr 
035 |a 2C597FC8-9045-4D1D-A165-86A8A8F8A8A4 
040 |a SNK  |b slo  |c SNK  |e AACR2 
041 0 |a slo 
044 |a xo  |c SK 
080 |a 530.145(075.8)(076.5)  |2 1981 
100 1 |a Ilkovič, Vladimír,  |d 1941-  |4 aut  |9 39715 
245 1 0 |a Zbierka úloh z kvantovej mechaniky  |c Vladimír Ilkovič 
250 |a 1. vyd. 
260 |a Bratislava  |b Slovenské pedagogické nakladateľstvo  |c 1979 
300 |a 209 s.  |c 29 cm 
366 |e 300 výt. 
490 1 |a Vysokoškolské učebné texty 
500 |a Vyd. pre UPJŠ v Košiciach 
650 0 7 |a kvantová mechanika  |2 SNKPH  |9 68309 
655 7 |a zbierky úloh  |2 SNKPH  |9 70562 
655 7 |a učebnice vysokých škôl  |2 SNKPH  |9 70191 
830 0 |a Vysokoškolské učebné texty  |9 276539 
852 |a Slovenská národná knižnica 
958 |a OND 
999 |c 1160175  |d 1162105 
952 |a SNK  |b SNK  |y PREZ  |7 0  |p 17A0971381  |o snkSB 27727  |i snkKSP 1701/79  |0 0  |1 0  |4 0  |d 2014-10-06  |l 0  |r 2025-04-01 00:00:00  |w 2026-02-24 
952 |a SNK  |b SNK  |y VYP  |7 0  |p 17A1140137  |o snkSB 27727 D1  |i snkKSP 1702/79  |0 0  |1 0  |4 0  |d 2014-10-06  |f 1  |l 0  |r 2026-02-24 20:30:36  |w 2026-02-24